La inmigración en la prensa española. Aportaciones empíricas y metodológicas desde la teoría del encuadre noticioso (Registro nro. 35071)
[ vista simple ]
| 000 -CABECERA | |
|---|---|
| Longitud fija campo de control | 01242naa a2200313 c 4500 |
| 001 - NÚMERO DE CONTROL | |
| Número de control | 35071 |
| 003 - IDENTIFICADOR DE NÚMERO DE CONTROL | |
| Identificador del número de control | ES-MaCES |
| 005 - FECHA Y HORA DE LA ÚLTIMA TRANSACCIÓN | |
| Fecha y hora de la última transacción | 20141221114135.0 |
| 008 - CAMPO FIJO DE DESCRIPCIÓN FIJA--INFORMACIÓN GENERAL | |
| Códigos de información de longitud fija | 050816n2005 sp t 000 | spa d |
| 035 ## - NÚMERO DE CONTROL DEL SISTEMA | |
| Número de control del sistema | CES20050005555v |
| 040 ## - FUENTE DE CATALOGACIÓN | |
| Centro catalogador de origen | ES-MaCES |
| Lengua de catalogación | spa |
| Centro transcriptor | ES-MaCES |
| 100 1# - ENCABEZAMIENTO PRINCIPAL--NOMBRE PERSONAL | |
| Nombre de persona | Igartua, Juan José |
| 9 (RLIN) | 15128 |
| 245 13 - MENCIÓN DE TÍTULO | |
| Título | La inmigración en la prensa española. Aportaciones empíricas y metodológicas desde la teoría del encuadre noticioso |
| Resto del título | = Immigration in the Spanish press. Empirical and met hodological findings in conecction with the news framework theory |
| Mención de responsabilidad, etc. | Juan José Igartua, Carlos Muñiz, Lifen Cheng |
| 500 ## - NOTA GENERAL | |
| Nota general | Resumen en castellano e inglés |
| 504 ## - NOTA DE BIBLIOGRAFÍA, ETC. | |
| Nota de bibliografía, etc. | Bibliografía: p. 177-181 |
| 650 #4 - ASIENTO SECUNDARIO DE MATERIA--TÉRMINO DE MATERIA | |
| Término de materia o nombre geográfico como elemento inicial | España |
| 9 (RLIN) | 26964 |
| 650 #4 - ASIENTO SECUNDARIO DE MATERIA--TÉRMINO DE MATERIA | |
| Término de materia o nombre geográfico como elemento inicial | inmigrante |
| 9 (RLIN) | 28631 |
| 650 #4 - ASIENTO SECUNDARIO DE MATERIA--TÉRMINO DE MATERIA | |
| Término de materia o nombre geográfico como elemento inicial | noticia de prensa |
| 9 (RLIN) | 28956 |
| 650 #4 - ASIENTO SECUNDARIO DE MATERIA--TÉRMINO DE MATERIA | |
| Término de materia o nombre geográfico como elemento inicial | inmigración |
| 9 (RLIN) | 28632 |
| 650 #4 - ASIENTO SECUNDARIO DE MATERIA--TÉRMINO DE MATERIA | |
| Término de materia o nombre geográfico como elemento inicial | prensa |
| 9 (RLIN) | 27880 |
| 650 #4 - ASIENTO SECUNDARIO DE MATERIA--TÉRMINO DE MATERIA | |
| Término de materia o nombre geográfico como elemento inicial | migración |
| 9 (RLIN) | 28635 |
| 653 10 - TÉRMINO DE INDEXACIÓN--NO CONTROLADO | |
| Término no controlado | Ciencias Sociales-Políticas |
| 700 1# - ENCABEZAMIENTO SECUNDARIO--NOMBRE PERSONAL | |
| Nombre de persona | Cheng, Lifen |
| 9 (RLIN) | 9550 |
| 700 1# - ENCABEZAMIENTO SECUNDARIO--NOMBRE PERSONAL | |
| Nombre de persona | Muñiz, Carlos |
| 9 (RLIN) | 19334 |
| 773 0# - ENTRADA DE DOCUMENTO FUENTE | |
| Título | Migraciones |
| Parte(s) relacionada(s) | n. 17 (jun. 2005){55/963 R. 061501}; p. 143-181 |
| Número de control del registro relacionado | (ES-MaCES)25925 |
| Itemnumber del ítem fuente | 77830 |
| 902 ## - CES. TIPO DE DOCUMENTO | |
| Tipodoc (006$c Sirtex) | ART Artículo de revista |
| 942 ## - ELEMENTOS KOHA | |
| Fuente de clasificaión o esquema | Clasificación propia del CES |
| Koha [por defecto] tipo de item | Artículos (1982-2017) |
| Parte de clasificación | 7.0. |
No hay ítems disponibles.
